La respuesta del jesuita como sacerdote y apóstol en el mundo moderno /
Պահպանված է:
| Հիմնական հեղինակ: | |
|---|---|
| Ձևաչափ: | Գիրք |
| Լեզու: | իսպաներեն |
| Հրապարակվել է: |
México :
editorial no identificada,
1971
|
| Խորագրեր: | |
| Ցուցիչներ: |
Չկան պիտակներ, Եղեք առաջինը, ով նշում է այս գրառումը!
|
MARC
| LEADER | 00000nam^a2200000^a^4500 | ||
|---|---|---|---|
| 001 | 000417925 | ||
| 005 | 20250521000000.0 | ||
| 009 | 20260310122405.359 | ||
| 037 | |a Acervo Xavier Clavigero | ||
| 041 | |a ESP | ||
| 082 | |a 121. |b LON OBR RES | ||
| 100 | |a Lonergan, Bernard |e (autor) | ||
| 245 | 1 | 3 | |a La respuesta del jesuita como sacerdote y apóstol en el mundo moderno / |c B. Lonergan ; tr. por Gustavo González. |
| 264 | 1 | |a México : |b editorial no identificada, |c 1971 | |
| 300 | |a [40] p. | ||
| 300 | |a 1 folleto | ||
| 336 | |a texto |b txt |2 rdacontenido | ||
| 337 | |a sin mediación |b n |2 rdamedio | ||
| 338 | |a volumen |b nc |2 rdasoporte | ||
| 545 | 0 | |a Bernard Lonergan (1904-1984), jesuita canadiense y doctor en teología, profesor de ésta disciplina por más de treinta y cinco años, su pensamiento trata dos cuestiones fundamentales: el desarrollo de una teoría del conocimiento donde la autoapropiación del sujeto es una categoría clave, y la construcción de un método para una teología contemporánea. Desde estos aportes aborda ulteriores campos relacionados con el dinamismo transformador de la acción humana en el ámbito de la moral, lo social, la dialéctica de la historia, la autotrascendencia y la religión. Entre sus obras se encuentran La inteligencia: estudio sobre la comprensión de la experiencia, El método en teología, Gracia y libertad, El sujeto, y otras. | |
| 649 | |a XX | ||
| 650 | |a Jesuitas - |x Tema Principal | ||
| 650 | |a Monasticismo y Ordenes Religiosas | ||
| 650 | |a Vida Monástica y Religiosa | ||
| 650 | |a Catolicismo | ||
| 650 | |a Cristianismo | ||
| 650 | |a Religión | ||
| 910 | |a Fondo General | ||
| 920 | |a Impresos - Libros | ||
| 930 | |a Colección General | ||
| 940 | |a Jesuitas | ||
| 905 | |a 101 | ||
| 901 | |a 005190 |b IT1 |c ACC |i R |u 20250521 | ||
| 901 | |a 005195 |b IT1 |c ACC |u 20250521 | ||
| 901 | |a 005194 |b IT1 |c ACC |u 20250521 | ||
| 901 | |a 005188 |b IT1 |c ACC |u 20250521 | ||
| 902 | |a https://opac.biblio.iteso.mx/vufind/Record/000417925 | ||